BizPlan express strategic business and marketing plan template : master the art of business /

Guardat en:
Dades bibliogràfiques
Autor principal: Kapron, Jill E.
Format: Llibre
Idioma:English
Publicat: Mountain View, CA : South-Western College, 1998.
Matèries:
Etiquetes: Afegir etiqueta
Sense etiquetes, Sigues el primer a etiquetar aquest registre!
Thư viện lưu trữ: Mạng thư viện Đại học Đà Nẵng
LEADER 00971cmm a2200337 i 4500
001 000049879
003 10048
005 20030211103249.0
008 010425|1998 vm 000 eng
020 |a 0538869887 
040 |a IRC  |c IRC  |d IRC 
041 0 |a eng 
082 1 4 |a 658.40120285  |b KA-J 
100 1 |a Kapron, Jill E. 
245 0 0 |a BizPlan express  |h [Float Disk-Đĩa mềm] :  |b strategic business and marketing plan template : master the art of business /  |c Jill E. Kapro. 
260 |a Mountain View, CA :  |b South-Western College,  |c 1998. 
300 |a 1 computer disk. 
630 0 4 |a Business enterprises. 
630 0 4 |a Business planning. 
650 0 4 |a New business enterprises  |x Planning. 
650 0 4 |a Business planning. 
OWN |a DUT 
999 |a From the UDN01 
TYP |a Computer file 
TYP |a Monograph 
980 |a Mạng thư viện Đại học Đà Nẵng